Property

"How political theorists have understood, defended and critiqued private property, from Aquinas to Rawls"--Provided by publisher

Bibliographic Details
Main Author: Lamb, Robert , 1979- (Author)
Format: Book
Language:English
Published: Cambridge; Medford, MA : Polity 2021
Series:Key concepts in political theory
Subjects:

MARC

LEADER 00000cam a2200000 7i4500
001 0000029321
005 20241126.0
008 210914 enk# eng
020 |a 9781509519194 
040 |a INS   |b eng   |e rda 
090 0 0 |a HB701   |b L36 2021 
100 1 |a Lamb, Robert ,   |d 1979- ,   |e author 
245 0 0 |a Property   |c Robert Lamb 
264 1 |a Cambridge; Medford, MA :   |b Polity   |c 2021 
300 |a ix,157 pages ;   |c 21 cm. 
336 |a text  |2 rdacontent 
337 |a unmediated  |2 rdamedia 
338 |a volume  |2 rdacarrier 
490 0 |a Key concepts in political theory 
504 |a Includes bibliographical references and index 
505 0 |a Introduction: What is property? -- The case against private property -- Nozick's libertarianism and the natural right to property -- Natural law and the roots of self-ownership -- Property for the greater good : utilitarian theories of ownership -- Ownership as will in the world : Gegel's account of property -- Property within justice : Rawls and beyond. 
520 0 |a "How political theorists have understood, defended and critiqued private property, from Aquinas to Rawls"--Provided by publisher 
650 0 |a Property 
650 0 |a Right of property   |x History   |x Philosophy 
999 |a 1000004241   |b BOOK   |c Open Shelf   |e Default branch